LEADER 01803nlm 2200313 450 001 996489667903316 005 20221013092711.0 010 $a978-3-11-068803-0 100 $a20210605d2020---- uy 0 101 0 $ager 102 $aDE 105 $ay 00 y 135 $adrcnu 200 1 $aNachexil / Post-Exile$fedited by Bettina Bannasch, Katja Sarkowsky 210 1 $aBerlin, Germany$cWalter de Gruyter GmbH$d2020 215 $aTesto elettronico (PDF) (IX, 469 p.) 225 2 $aExilforschung$v38 230 $aBase dati testuale 330 $aNegli ultimi anni, il concetto di post-esilio č avanzato fino a diventare un concetto analitico importante nel contesto di varie letterature. Sebbene inizialmente appaia in gran parte identico al termine post-migrazione e strettamente correlato alla diaspora, contiene una serie di implicazioni centrali che lo distinguono fondamentalmente da entrambi i concetti e sono quindi essenziali per la comprensione del post-esilio. Obiettivo di elaborare le sfaccettature dell'elaborazione culturale delle esperienze post-esilio in diversi contesti linguistici, geografici e storici. I possibili temi includono la tensione tra esilio, post-esilio e diaspora; interpretazioni autobiografiche dell'esilio dall'esperienza del post-esilio; letture comparative di elaborazione fittizia di esperienze post-esiliche; nuove prospettive sul concetto e la comprensione del post-esilio attraverso il pių recente discorso post-migratorio. Ulteriori informazioni su questo testo di origine 606 0 $aEsilio$2BNCF 676 $a306.09 702 1$aBANNASCH,$bBettina 702 1$aSARKOWSKY,$bKatja 801 0$aIT$bcba$cREICAT$gREICAT 912 $a996489667903316 959 $aEB 969 $aER 996 $aNachexil$92919894 997 $aUNISA